00855nam a22002055i 4500001000700000003000900007005001700016008004100033080002800074080001700102100004900119245011800168260004200286300003700328600006300365700004700428852003300475999001900508952012200527171065ES-MaACL20250820152143.0090427s1964 sp |||| | spa d a821.134.2 Azorín 1.06 a929 Azorín1 aPérez de Ayala, Ramón,d1880-196299076310aAnte Azorín / cRamón Pérez de Ayala ; [edición recogida, ordenada y prologada por J. García Mercadal]. aMadrid : bBiblioteca Nueva, c[1964] a248 p., [1] de lám. ; c17 cm.04aAzorín,d1873-1967-xCrítica e interpretación9243281 aGarcía Mercadal, J., d1883-19759164264 aES-MaACLjG-10685 9R.144700 c171065d171065 00104070aATENEOMbATENEOMcSPP3d2009-04-27eCOMl0oG-10685p1179529r2023-02-23 00:00:00w2023-02-23yMONOGRAFIA